| Tag |
First Indicator |
Second Indicator |
Subfields |
| LEADER |
00000pam a2200000 i 4500 |
| 001 |
in00000021030 |
| 005 |
20151007060935.0 |
| 008 |
790920s1980 njua b 00110 eng |
| 010 |
|
|
|a 79021989
|
| 020 |
|
|
|a 0135579759 :
|c $18.95
|
| 035 |
|
|
|a (OCoLC)05563824
|
| 035 |
|
|
|9 AAD0638AM
|
| 040 |
|
|
|a DLC
|c DLC
|d TXA
|d UtOrBLW
|
| 049 |
|
|
|a TXAM
|c [1383831]
|
| 050 |
0 |
0 |
|a HF5415.13
|b .K64 1980
|
| 082 |
0 |
|
|a 658.8
|
| 100 |
1 |
|
|a Kotler, Philip.
|
| 245 |
1 |
0 |
|a Marketing management :
|b analysis, planning, and control /
|c Philip Kotler.
|
| 250 |
|
|
|a 4th ed.
|
| 264 |
|
1 |
|a Englewood Cliffs, N.J. :
|b Prentice-Hall,
|c [1980]
|
| 264 |
|
4 |
|c ©1980
|
| 300 |
|
|
|a xi, 722 pages :
|b illustrations ;
|c 24 cm.
|
| 336 |
|
|
|a text
|b txt
|2 rdacontent
|
| 337 |
|
|
|a unmediated
|b n
|2 rdamedia
|
| 338 |
|
|
|a volume
|b nc
|2 rdacarrier
|
| 504 |
|
|
|a Includes bibliographical references and indexes.
|
| 650 |
|
0 |
|a Marketing
|x Management.
|
| 999 |
|
|
|a MARS
|
| 999 |
f |
f |
|s b941b681-857c-32c7-bae5-2a2e1ab8b40b
|i a1edc018-2384-37ab-b160-be0b00fe89be
|t 0
|
| 952 |
f |
f |
|p ric
|a Texas A&M University
|b Rellis Campus
|c Joint Library Facility
|d Remote Storage
|t 0
|e HF5415.13 .K64 1980
|h Library of Congress classification
|i unmediated -- volume
|m A14802791947
|
| 998 |
f |
f |
|a HF5415.13 .K64 1980
|t 0
|l Remote Storage
|